000 00298nam a22001337a 4500
008 170202b xxu||||| |||| 00| 0 eng d
020 _a0838512127
041 _aeng
080 _26th
_a61
100 _a3
101 _ashm
245 _aCLINICIAN'S POCKET REFERENCE
_cGOMELLA, L.G
942 _2udc
_cBK
999 _c4281
_d4281